Physiology of tree crops: Proceedings of the symposium held at Long Ashton Research Station 1969 (Record no. 23115)

MARC details
000 -LEADER
fixed length control field 00416nam a2200133Ia 4500
082 ## - DEWEY DECIMAL CLASSIFICATION NUMBER
Classification number 581.1:633(06)
Item number LUC
100 ## - MAIN ENTRY--AUTHOR NAME
Personal name CUTTING, C V
245 #0 - TITLE STATEMENT
Title Physiology of tree crops: Proceedings of the symposium held at Long Ashton Research Station 1969
260 ## - PUBLICATION, DISTRIBUTION, ETC. (IMPRINT)
Place of publication London
Name of publisher Academic
Year of publication 1970
650 ## - SUBJECT ADDED ENTRY--TOPICAL TERM
Topical Term Rubber trees exploitation
700 ## - ADDED ENTRY--PERSONAL NAME
Personal name LUCKWILL, L C
942 ## - ADDED ENTRY ELEMENTS (KOHA)
Koha item type Books
Holdings
Withdrawn status Lost status Damaged status Not for loan Home library Current library Date acquired Full call number Accession Number Koha item type
        RRII Library RRII Library 16/12/2021 581.1:633(06) LUC 03817 Books